Homelessness and Its Perception by Society

Teoretické úvahy týkajúce sa bezdomovectva ako extrémnej forme sociálneho vyčerpania. Empirická časť sa zameriava na vnímanie bezdomovcov a bezdomovectva väčšinovou časťou spoločnosti, ktorá má zabezpečené bývanie.

Na minha lista:
Detalhes bibliográficos
Autor principal: Habánik, Tomáš
Formato: Capítulo de Livro
Idioma:inglês
Assuntos:
Tags: Adicionar Tag
Sem tags, seja o primeiro a adicionar uma tag!

MARC

LEADER 00000nla a2200000 4500
001 0241123
005 20240417075133.2
041 0 |a eng 
044 |a CZ 
245 1 0 |a Homelessness and Its Perception by Society  |c Tomáš Habánik 
520 |a Teoretické úvahy týkajúce sa bezdomovectva ako extrémnej forme sociálneho vyčerpania. Empirická časť sa zameriava na vnímanie bezdomovcov a bezdomovectva väčšinovou časťou spoločnosti, ktorá má zabezpečené bývanie. 
610 2 0 |a sociológia 
610 2 0 |a teórie sociologické 
610 2 0 |a ľudia bez domova 
610 2 0 |a postoje 
610 2 0 |a spoločnosť 
610 2 0 |a triedy spoločenské 
610 2 0 |a štruktúra sociálna 
100 1 |a Habánik, Tomáš